Contemporary world architecture /

Bibliographic Details
Main Author: Pearman, Hugh
Format: Book
Language:English
Published: London : Phaidon, [1998]
Subjects:

MARC

Tag First Indicator Second Indicator Subfields
LEADER 00000cam a2200000 a 4500
001 in00001485721
005 20151021072622.0
008 990209s1998 enka b 001 0 eng d
010 |a  99171240  
020 |a 0714837431 
035 |a (OCoLC)40167282 
035 |9 AJH4303AM 
040 |a VA@  |c DLC  |d VA@  |d MEY  |d ZHY  |d TXA  |d UtOrBLW 
042 |a lccopycat 
049 |a TXAM 
050 0 0 |a NA680  |b .P32 1998 
092 |a 724.91 
100 1 |a Pearman, Hugh. 
245 1 0 |a Contemporary world architecture /  |c told by Hugh Pearman. 
264 1 |a London :  |b Phaidon,  |c [1998] 
264 4 |c ©1998 
300 |a 511 pages :  |b illustrations (some color) ;  |c 30 cm. 
336 |a text  |b txt  |2 rdacontent 
337 |a unmediated  |b n  |2 rdamedia 
338 |a volume  |b nc  |2 rdacarrier 
504 |a Includes bibliographical references (pages 488-495) and index. 
505 0 |a Introduction -- Visual arts : museums & galleries -- Performance : opera houses, theatres & concert halls -- Learning : schools, universities & libraries -- Religion : places of worship -- Consumerism : malls, shops & bars -- Living : houses & apartments -- Workplace : offices & business parks -- Industry : factories & research centres -- Leisure : theme parks, hotels & visitor centres -- Transport : airports, stations & shipping terminals -- Sport : stadia, gymnasia & pools -- The civic realm : public space & structures -- Towers : vertical cities. 
650 0 |a Architecture, Modern  |y 20th century. 
948 |a c:jh 
999 |a MARS 
999 f f |s 1ebc9920-94f5-363b-a2c8-72ca54266226  |i 744f29e9-0d85-3e4e-9b5e-17753f9a6aa2  |t 0 
952 f f |p ric  |a Texas A&M University  |b Rellis Campus  |c Joint Library Facility  |d Remote Storage  |t 0  |e NA680 .P32 1998  |h Library of Congress classification  |i unmediated -- volume  |m A14824992056 
998 f f |a NA680 .P32 1998  |t 0  |l Remote Storage